Foot and mouth disease of cattle and buffalo in kompong cham province and its economic losses, ជំមងឺអុចលកតាមគោ និងការខាតបង់សេដ្ឋកិច្ច នៅខេត្តកំពង់ចាម. (Record no. 1997)

000 -LEADER
fixed length control field 00610nam a22001577a 4500
003 - CONTROL NUMBER IDENTIFIER
control field OSt
005 - DATE AND TIME OF LATEST TRANSACTION
control field 20151006102625.0
008 - FIXED-LENGTH DATA ELEMENTS--GENERAL INFORMATION
fixed length control field 151006b xxu||||| |||| 00| 0 eng d
040 ## - CATALOGING SOURCE
Transcribing agency RUA
082 ## - DEWEY DECIMAL CLASSIFICATION NUMBER
Classification number AVM UY 1996 B070 Or.1
100 ## - MAIN ENTRY--PERSONAL NAME
9 (RLIN) 2124
Personal name UY, VANNO.
245 ## - TITLE STATEMENT
Title Foot and mouth disease of cattle and buffalo in kompong cham province and its economic losses, ជំមងឺអុចលកតាមគោ និងការខាតបង់សេដ្ឋកិច្ច នៅខេត្តកំពង់ចាម.
260 ## - PUBLICATION, DISTRIBUTION, ETC. (IMPRINT)
Place of publication, distribution, etc. pjnom phen
Name of publisher, distributor, etc. RUA
Date of publication, distribution, etc. 1996
300 ## - PHYSICAL DESCRIPTION
Extent 47p.
Other physical details ill.
Dimensions 29cm.
942 ## - ADDED ENTRY ELEMENTS (KOHA)
Source of classification or shelving scheme
Koha item type AVM
Holdings
Price effective from Date last seen Permanent Location Not for loan Date acquired Source of classification or shelving scheme Koha item type Lost status Withdrawn status Date last checked out Total Checkouts Shelving location Damaged status Barcode Current Location Full call number
2015-10-062015-10-06Library Block B 2015-10-06 AVM    B070 RUA017125Library Block BAVM UY 1996 B070 Or.1
2015-10-062019-10-07Library Block B 2015-10-06 AVM  2019-07-102B070 RUA017322Library Block BAVM UY 1996 B070 Or.2
មជ្ឈមណ្ឌលឯការនៃសាកលវិទ្យាល័យភូមិន្ទកសិកម្មចំការដូង

Powered by Koha